| 000 | 01472cab a2200217 4500 | ||
|---|---|---|---|
| 001 | L129726 | ||
| 008 | 050516n2005 000 0 eng u | ||
| 035 | _a(Sirsi) u129726 | ||
| 041 | _aeng | ||
| 100 | _aMo, Debra | ||
| 245 | _aEnding freeholder feudalism | ||
| 260 | _c2005 | ||
| 490 |
_aNew Law Journal _v 155(7174) 664-665(2) |
||
| 520 | _aExplains how the expansion of the Leasehold Valuation Tribunal (LVT) jurisdiction under the Commonhold and Leasehold Reform Act 2002 reforms will assist in resolving service charge disputes in favour of leaseholders. Before the Housing Act 1996,service charge and related disputes came under the jurisdiction of the county court. The 1996 Act was the catalyst towards the transference of jurisdiction to the LVT. Reforms in the 2002 Act were needed to ensure the full impact of this change. Describes :the remit of the LVT; changes to the LVT; the nature of LVT decisions; and the new challenges facing LVTs. Provides a case in point relating how a LVT determined costs to leaseholders following a local authority's (unnecessary) replacement of windows to its properties as an improvement. Lists useful websites. | ||
| 590 | _aIKA190505 | ||
| 650 | _aLEASEHOLD VALUATION TRIBUNAL | ||
| 650 | _aCOMMONHOLD AND LEASEHOLD REFORM ACT 2002 | ||
| 650 | _aHOUSING ACT 1996 | ||
| 690 | _aPROPERTY-RESIDENTIAL PROPERTY-LEASEHOLD RESIDENTIAL PROPERTY-RESIDENTIAL LANDLORD AND TENANT-RESIDENTIAL SERVICE CHARGES | ||
| 942 | _n0 | ||
| 999 |
_c75238 _d75238 |
||